| 000 | 00877nam a2200253Ia 4500 | ||
|---|---|---|---|
| 003 | GCL | ||
| 008 | 140319s9999 xx 000 0 ara d | ||
| 040 |
_aGCL / _cGCL |
||
| 082 | 0 | 4 |
_a819.9 _bج ع |
| 100 | 1 | _aجبران خليل جبران | |
| 245 | 1 | 0 |
_aجبران خليل جبران: العواصف / _cجبران خليل جبران |
| 700 | 1 | _aنازك سابا يارد | |
| 260 |
_a[S.N] : _bمؤسسة بحسون للنشر والتوزيع ، _c1992 |
||
| 300 | _a239 ص | ||
| 490 | _a | ||
| 650 | 0 | 4 | _aالادب العربى |
| 650 | 0 | 4 | _aالقصص العربية |
| 650 | 0 | 4 | _aالنثر العربى |
| 650 | 0 | 4 | _aجبران خليل جبران |
| 650 | 0 | 4 | _aتاريخ ونقد الفنون العربية |
| 650 | 0 | 4 | _aالبلاغة العربية,العصر الحديث |
| 650 | 0 | 4 | _aالشعر العربى - المهجر |
| 942 |
_2ddc _cBK |
||
| 999 |
_c49966 _d49966 |
||